000 00921cab a2200277 4500
001 WB3245-17
008 090401t1996 xxu||||| |||| 00| 0 eng d
035 _a(Sirsi) u60286
041 _aeng
245 _aThere`s money in letting
260 _c1996
350 _a0
490 _aFinancial Times
_v23 November 1996, 9(2)
520 _aRob Thomas from UBS reviews the state of the private rented sector. Large scale institutional investors are urged to invest in this sector. Forecasts rental yields up to 2001.
650 _aHOUSING INVESTMENT TRUSTS
650 _aINSTITUTIONAL INVESTORS
650 _aINVESTMENT MARKET
650 _aJOSEPH ROWNTREE FOUNDATION QUARTERLY INDEX
650 _aPRIVATE RENTED SECTOR
650 _aRENTAL YIELDS
650 _aRESIDENTIAL PROPERTY
_96266
650 _aRETURNS
690 _aPROPERTY-PROPERTY FINANCE AND INVESTMENT
942 _n0
948 _c04/03/1997
999 _c37151
_d37151